01366nam a2200205 a 4500008004100000020001800041041000800059092001700067100002300084245003500107250004700142260003100189300001100220500006700231505059600298655002100894942001300915999001500928952021700943190917t2014 sp |||g |||| 001 0 spa d a9789874578006 aspa c808l97sYAN1 aYancey, Rick94313 3aEl mar infinito /cRick Yancey a1a ed.bTraducción Pilar Ramírez Tello aBuenos Aires:bRBA;c2014. a314 p. aYancey, R. (2014). El mar infinito. (1a ed.). Barcelona : RBA. aCassie Sullivan y sus compañeros han sobrevivido a las cuatro olas de destrucción de los Otros. Ahora, con la raza humana prácticamente exterminada y la quinta ola arrasándolo todo, se enfrentan a una elección: esperar a Evan Walker o huir en búsqueda de otros supervivientes antes de que el enemigo los alcance. Consumidos, pero no derrotados. Acosados, pero no sometidos. Esta guerra ha dejado de ser de humanos contra alienígenas. Es la lucha de la esperanza contra la desolación. De la fe contra el miedo. Del amor contra el odio. Y la humanidad es el campo de batalla.  aLiteratura92917 2ddccLIT c3264d3264 00102ddc4070aBFMbBFMcCRd2025-05-14eDonación Mayo 2025, Hernández, Maria José.l0o808 97 YANp5023r2025-05-14tEj. 1w2025-05-14yLITzDonación Mayo 2025, Hernández, Maria José. Sede Tordosf